| 000 | 00000nam 2200000za 4500 |
| 001 | 9.643808 |
| 003 | CaOODSP |
| 005 | 20240624082229 |
| 007 | cr ||||||||||| |
| 008 | 150407|1986||||xxc|||||o f|0| 0 fre d |
| 040 | |aCaOODSP|bfre |
| 043 | |an-cn--- |
| 086 | 1 |aZ1-1984/1-2F-PDF |
| 245 | 00|aLes phoques et la chasse au phoque au Canada - rapport de la Commission royale. Volume 2 |h[ressource électronique] / |cCommission royale sur les phoques et l'industrie de la chasse au phoque au Canada ; président, Albert H. Malouf. |
| 246 | 1 |iAutre titre cité pour la publication : |aRapport final de la Commission royale sur les phoques et l'industrie de la chasse au phoque au Canada |
| 260 | |aOttawa : |bBureau du Conseil privé, |cc1986. |
| 300 | |a147, 126, 121, 155, 37 p. : |bgraphiques, cartes, photographies |
| 500 | |aPublication historique numérisée en 2008 par le Bureau du Conseil privé du Canada. |
| 590 | |a15-04-Supp|b2015-03-19 |
| 691 | 07|aChasse au phoque|2gcpds |
| 691 | 07|aCommission d'enquête|2gcpds |
| 691 | 07|aPhoque|2gcpds |
| 710 | 1 |aCanada. |bBureau du Conseil privé. |
| 775 | 08|tSeals and sealing in Canada - report of the Royal Commission. Volume 2 / |w(CaOODSP)9.699853 |
| 856 | 40|ahttp://publications.gc.ca|qPDF|s14.79 Mo|uhttps://publications.gc.ca/collections/collection_2014/bcp-pco/Z1-1984-1-2-1-fra.pdf |
| 856 | 40|ahttp://publications.gc.ca|qPDF|s1.41 Mo|uhttps://publications.gc.ca/collections/collection_2014/bcp-pco/Z1-1984-1-2-5-fra.pdf |
| 856 | 40|ahttp://publications.gc.ca|qPDF|s17.63 Mo|uhttps://publications.gc.ca/collections/collection_2014/bcp-pco/Z1-1984-1-2-3-fra.pdf |
| 856 | 40|ahttp://publications.gc.ca|qPDF|s8.11 Mo|uhttps://publications.gc.ca/collections/collection_2014/bcp-pco/Z1-1984-1-2-4-fra.pdf |
| 856 | 40|ahttp://publications.gc.ca|qPDF|s26.20 Mo|uhttps://publications.gc.ca/collections/collection_2014/bcp-pco/Z1-1984-1-2-2-fra.pdf |